000 00560nam a2200181 4500
001 107885
003 ES-MaACL
005 20230906184522.0
007 t|
008 061121s1969 sp r ||||1| spa d
100 1 _aMontaner, Carlos Alberto.
_982370
245 1 0 _aGaldós humorista y otros ensayos /
_cCarlos Alberto Montaner.
260 _aMadrid :
_bPartenón,
_c[1969]
300 _a158 p. ;
_c21 cm.
600 1 4 _aPérez Galdós, Benito,
_d1843-1920-
_xCrítica e interpretación
_990875
852 _aES-MaACL
_jC-36452
999 _c107885
_d107885